000
nam a22 a 4500
999
_c
4090
_d
4090
005
20170525105613.0
008
170525b my ||||| |||| 00| 0 eng d
040
_a
AKMAL
082
_a
915.95 MAL
090
_a
915.95
_b
MAL
245
_a
Malacca Malaysia
_b
Historic Mice Destination /
300
_c
cm
942
_2
ddc
_c
BOOK